000 00852nam a2200217 a 4500
999 _c7166
_d7166
001 7166
003 BD-JhCC
005 20180210103826.0
008 180205s1997 bg |||| |||| 000 0 ben d
035 _a(BD-JhCC)7166
040 _aBD-JhCC
_dBD-JhCC
041 _aben
082 _a954.9205
_bHAM 1997
100 _aহামিদ, এম এ
245 _aএকাত্তরের যুদ্ধে জয় পরাজয় :
_bমুক্তিযুদ্ধকালে পশ্চিম পাকিস্তানের দৃশ্যপট /
_cলেঃ কর্নেল (অবঃ) এম এ হামিদ, পি এস সি
260 _aঢাকা :
_bশিখা প্রকাশনী,
_c1997
300 _a134 p. :
_c22 cm.
651 _aBangladesh
_xHistory
_yRevolution 1971
942 _2ddc
_cBK